<?xml version="1.0" encoding="UTF-8"?>
<marc:record xmlns:marc="http://www.loc.gov/MARC21/slim">
   <marc:leader>00000nam a2200000 a 4500</marc:leader>
   <marc:datafield ind1="1" ind2=" " tag="100">
      <marc:subfield code="a">Köthe, Dr. Rainer</marc:subfield>
      <marc:subfield code="4">aut</marc:subfield>
      <marc:subfield code="e">Verfasser/-in</marc:subfield>
   </marc:datafield>
   <marc:datafield ind1="1" ind2=" " tag="100">
      <marc:subfield code="a">Bremert, Rüdiger [Ill.]</marc:subfield>
      <marc:subfield code="4">aut</marc:subfield>
      <marc:subfield code="e">Verfasser/-in</marc:subfield>
   </marc:datafield>
   <marc:datafield ind1="0" ind2="0" tag="245">
      <marc:subfield code="a">Kriminalistik</marc:subfield>
   </marc:datafield>
   <marc:datafield ind1="0" ind2="0" tag="245">
      <marc:subfield code="c">Dr. Rainer Köthe</marc:subfield>
   </marc:datafield>
   <marc:datafield ind1=" " ind2="1" tag="264">
      <marc:subfield code="a">Nürnberg</marc:subfield>
      <marc:subfield code="b">Tessloff Verl.</marc:subfield>
      <marc:subfield code="c">2008</marc:subfield>
   </marc:datafield>
   <marc:datafield ind1="1" ind2=" " tag="490">
      <marc:subfield code="a">Was ist was</marc:subfield>
      <marc:subfield code="v">98</marc:subfield>
   </marc:datafield>
   <marc:datafield ind1="1" ind2=" " tag="520">
      <marc:subfield code="a">Seit der Zeit des "Urvaters der Detektive", der Romanfigur Sherlock Holmes, hat sich auf dem Gebiet der Kriminalistik vieles verändert. Während Holmes zusammen mit seinem Freund Doktor Watson mit scharfem Verstand, Spürsinn und ausgerüstet mit einer Lupe Verbrecher jagte, ist heute ein Spezialistenteam auf Spurensuche, bestehend aus Fachleuten für Spurensicherung und Fingerabdrücke, Waffenexperten, Biologen, Chemikern, Ärzten und Computerexperten. (Verl.txt)</marc:subfield>
   </marc:datafield>
   <marc:datafield ind1=" " ind2=" " tag="020">
      <marc:subfield code="a">9783788606619</marc:subfield>
      <marc:subfield code="9">9783788606619</marc:subfield>
   </marc:datafield>
   <marc:datafield ind1=" " ind2=" " tag="020">
      <marc:subfield code="a">3788606614</marc:subfield>
      <marc:subfield code="9">3788606614</marc:subfield>
   </marc:datafield>
   <marc:datafield ind1=" " ind2=" " tag="500">
      <marc:subfield code="a">Zahlr. ill.</marc:subfield>
   </marc:datafield>
   <marc:datafield ind1=" " ind2=" " tag="300">
      <marc:subfield code="a">48 S.</marc:subfield>
   </marc:datafield>
</marc:record>
